[Event "Vienna Husek op-A"]
[Site "Vienna"]
[Date "2012.08.18"]
[Round "6"]
[White "Kersten, Julian"]
[Black "Sereinig, Eduard"]
[Result "1/2-1/2"]
[WhiteElo "1926"]
[BlackElo "2142"]
[PlyCount "118"]
[EventDate "2012.08.13"]
[EventType "swiss"]
[EventRounds "7"]
[EventCountry "AUT"]
[SourceTitle "EXT 2014"]
[Source "ChessBase"]
[SourceDate "2013.11.20"]
[SourceVersion "1"]
[SourceVersionDate "2013.11.20"]
[SourceQuality "1"]

1. e4 d6 2. d4 Nf6 3. Nc3 g6 4. Nf3 Bg7 5. h3 c6 6. a4 a5 7. Be2 Na6 8. 0-0 0-0 9. Be3 Nb4 10. Qd2 Re8 11. Rac1 Qc7 12. Bh6 Bh8 13. Bc4 e5 14. dxe5 dxe5 15. Ng5 Re7 16. f4 Qb6+ 17. Kh2 Qd4 18. Qe2 Qc5 19. fxe5 Qxe5+ 20. Kh1 Bg7 21. Nf3 Qc7 22. Bxg7 Kxg7 23. e5 Nh5 24. Qf2 Be6 25. Bxe6 fxe6 26. Ne4 Rf8 27. Nd6 Nd5 28. g4 Nhf4 29. Qh4 Kg8 30. Rf2 Rg7 31. Rcf1 Ne3 32. Re1 Nfd5 33. c4 Nxc4 34. Nxc4 Rgf7 35. Qg3 b5 36. axb5 cxb5 37. Nd6 Rf4 38. Ree2 Qc1+ 39. Kh2 Ne3 40. Ng5 Nf1+ 41. Rxf1 Qxf1 42. Rg2 Rf2 43. Nde4 Rxg2+ 44. Qxg2 Qf4+ 45. Qg3 h6 46. Nxe6 Qxe4 47. Nxf8 Kxf8 48. Qf2+ Ke8 49. Qf6 Qe2+ 50. Kg3 Qd3+ 51. Kg2 Qd2+ 52. Kg1 Qc1+ 53. Kg2 Qxb2+ 54. Kg3 Qc3+ 55. Kg2 Qd2+ 56. Kg1 Qd1+ 57. Kg2 Qd5+ 58. Kg1 Kd7 59. Qg7+ Kd8 1/2-1/2

[Event "Vienna Husek op-A"]
[Site "Vienna"]
[Date "2012.08.15"]
[Round "3"]
[White "Sereinig, Eduard"]
[Black "Alvir, Aco"]
[Result "0-1"]
[WhiteElo "2142"]
[BlackElo "2363"]
[PlyCount "149"]
[EventDate "2012.08.13"]
[EventType "swiss"]
[EventRounds "7"]
[EventCountry "AUT"]
[SourceTitle "CBM 149 Extra"]
[Source "ChessBase"]
[SourceDate "2012.08.24"]
[SourceVersion "1"]
[SourceVersionDate "2012.08.24"]
[SourceQuality "1"]

1. g3 e5 2. Bg2 d5 3. d3 Nf6 4. Nf3 Bd6 5. 0-0 0-0 6. Nbd2 Nbd7 7. e4 c6 8. Nh4 Re8 9. Nf5 Bf8 10. Nb3 a5 11. a4 b6 12. g4 dxe4 13. dxe4 Nc5 14. Nxc5 Bxc5 15. h3 Ba6 16. Re1 Nd7 17. Qf3 Qc7 18. Bg5 Bf8 19. Be3 Bc4 20. b3 Be6 21. Red1 Rad8 22. Rd3 Nc5 23. Rxd8 Rxd8 24. Rd1 Rxd1+ 25. Qxd1 b5 26. axb5 cxb5 27. Qa1 Nd7 28. Bd2 b4 29. Ne3 Bc5 30. Nd5 Bxd5 31. exd5 Bd4 32. Qa4 Kf8 33. Qb5 Ke7 34. Qd3 g6 35. Bg5+ f6 36. Bc1 Qc5 37. Qd2 Kd6 38. Qe2 Nb6 39. Bh6 Nd7 40. Qa6+ Qb6 41. Qc8 Bxf2+ 42. Kh1 Ke7 43. g5 f5 44. Bg7 e4 45. Qg8 Bd4 46. Qxh7 Bxg7 47. Qxg7+ Kd8 48. Qg8+ Kc7 49. Qa8 Nb8 50. h4 Qd4 51. Qxa5+ Kd6 52. Qd8+ Nd7 53. Qg8 Ne5 54. Qe6+ Kc5 55. Bf1 Qxd5 56. Qe7+ Qd6 57. Qa7+ Qb6 58. Qe7+ Kd4 59. Be2 f4 60. h5 gxh5 61. Bxh5 f3 62. g6 Nxg6 63. Qg7+ Ne5 64. Qg1+ e3 65. Qd1+ Ke4 66. Bxf3+ Nxf3 67. Qd3+ Kf4 68. Qc4+ Nd4 69. Qf7+ Nf5 70. Qc4+ Kg3 71. Qg8+ Kf4 72. Qc4+ Qd4 73. Qf1+ Ke5 74. Qd1 Qd8 75. Qd4+ 0-1

[Event "Vienna Husek op-A"]
[Site "Vienna"]
[Date "2012.08.14"]
[Round "2"]
[White "Sereinig, Eduard"]
[Black "Wallner, Joachim"]
[Result "1/2-1/2"]
[WhiteElo "2142"]
[BlackElo "2332"]
[PlyCount "29"]
[EventDate "2012.08.13"]
[EventType "swiss"]
[EventRounds "7"]
[EventCountry "AUT"]
[SourceTitle "CBM 149 Extra"]
[Source "ChessBase"]
[SourceDate "2012.08.24"]
[SourceVersion "1"]
[SourceVersionDate "2012.08.24"]
[SourceQuality "1"]

1. e4 c5 2. Nc3 a6 3. g3 b5 4. a3 Bb7 5. Bg2 e6 6. Nge2 Nf6 7. d3 d6 8. 0-0 Qc7 9. f4 Nbd7 10. h3 Be7 11. Qe1 Nb6 12. Qf2 d5 13. f5 b4 14. axb4 cxb4 15. Be3 1/2-1/2

[Event "Feffernitz Raika op 10th"]
[Site "Feffernitz"]
[Date "2001.08.19"]
[Round "2"]
[White "Marjanovic, Slavko"]
[Black "Sereinig, Eduard"]
[Result "1/2-1/2"]
[WhiteElo "2045"]
[BlackElo "2239"]
[PlyCount "95"]
[EventDate "2001.08.19"]
[EventType "swiss"]
[EventRounds "9"]
[EventCountry "AUT"]
[SourceTitle "EXT 2002"]
[Source "ChessBase"]
[SourceDate "2001.11.25"]
[SourceVersion "1"]
[SourceVersionDate "2001.11.25"]
[SourceQuality "1"]

1. d4 Nf6 2. c4 g6 3. Nc3 Bg7 4. e4 d6 5. Nf3 0-0 6. h3 Nc6 7. d5 Nb4 8. a3 Na6 9. Bd3 Nc5 10. Bc2 e6 11. 0-0 exd5 12. exd5 Re8 13. Bg5 h6 14. Be3 Nfe4 15. Nxe4 Nxe4 16. Bd4 Ng5 17. Bxg7 Kxg7 18. Qd4+ Qf6 19. Qxf6+ Kxf6 20. Nd4 a6 21. f4 Nh7 22. Rfe1 Bd7 23. Kf2 Nf8 24. g4 g5 25. Kf3 Ng6 26. Bxg6 Kxg6 27. b4 Kf6 28. f5 Rh8 29. Ne2 h5 30. Ng3 hxg4+ 31. hxg4 Rh3 32. Kg2 Rah8 33. Ne4+ Kg7 34. Nxg5 Rc3 35. Re7 Rc2+ 36. Kg3 Kf6 37. Rxf7+ Kxg5 38. Rg7+ Kf6 39. Rxd7 Rc3+ 40. Kg2 Rxc4 41. Re1 Rxg4+ 42. Kf3 Rc4 43. Re6+ Kxf5 44. Rf7+ Kg5 45. Rg7+ Kf5 46. Rf7+ Kg5 47. Rg7+ Kf5 48. Rf7+ 1/2-1/2

[Event "Jacques Lemans op 20th"]
[Site "St Veit"]
[Date "2001.07.??"]
[Round "?"]
[White "Sereinig, Eduard"]
[Black "Titz, Heimo"]
[Result "0-1"]
[WhiteElo "2239"]
[BlackElo "2282"]
[PlyCount "68"]
[EventDate "2001.07.07"]
[EventType "swiss"]
[EventRounds "9"]
[EventCountry "AUT"]
[SourceTitle "EXT 2004"]
[Source "ChessBase"]
[SourceDate "2003.11.25"]
[SourceVersion "1"]
[SourceVersionDate "2003.11.25"]
[SourceQuality "1"]

1. Nf3 c5 2. g3 g6 3. Bg2 Bg7 4. 0-0 Nc6 5. d3 Nf6 6. e4 0-0 7. c3 d6 8. Nbd2 Bd7 9. a4 a6 10. Nc4 Qc7 11. a5 Be6 12. Nb6 Rad8 13. Qa4 Bd7 14. Nxd7 Nxd7 15. d4 e6 16. Be3 Ne7 17. dxc5 dxc5 18. Qc4 Rc8 19. Rfd1 Rfd8 20. Bg5 Nf6 21. Bf4 Rxd1+ 22. Rxd1 Qxa5 23. Bd6 b5 24. Qe2 Bf8 25. Qe3 b4 26. c4 Ne8 27. e5 Nf5 28. Qf4 Rd8 29. Ng5 Nexd6 30. g4 h6 31. exd6 hxg5 32. Qxg5 Rxd6 33. Bd5 Be7 34. Qf4 Nd4 0-1

[Event "AUT-chT2S 0001"]
[Site "Austria"]
[Date "2001.02.24"]
[Round "7"]
[White "Sereinig, Eduard"]
[Black "Karner, Christoph"]
[Result "0-1"]
[WhiteElo "2262"]
[BlackElo "2219"]
[PlyCount "74"]
[EventDate "2000.??.??"]
[EventType "team"]
[EventRounds "11"]
[EventCountry "AUT"]
[SourceTitle "EXT 2002"]
[Source "ChessBase"]
[SourceDate "2001.11.25"]
[SourceVersion "1"]
[SourceVersionDate "2001.11.25"]
[SourceQuality "1"]

1. Nf3 c5 2. g3 Nc6 3. Bg2 g6 4. 0-0 Bg7 5. c3 e5 6. e4 Nge7 7. d3 0-0 8. Be3 b6 9. Qd2 d5 10. exd5 Nxd5 11. Bh6 Re8 12. Bxg7 Kxg7 13. Na3 Ba6 14. Rfe1 Qc7 15. d4 e4 16. Ne5 f5 17. Nxc6 Qxc6 18. Nc2 Nf6 19. b3 Rad8 20. Rad1 b5 21. Qc1 Rd7 22. dxc5 Qxc5 23. Rxd7+ Nxd7 24. Nd4 Ne5 25. Bf1 Qb6 26. Rd1 Re7 27. Qg5 Rf7 28. Qf4 Qf6 29. h4 h6 30. Bh3 Bc8 31. Nxb5 g5 32. hxg5 hxg5 33. Qc1 Nf3+ 34. Kf1 Qh6 35. Bg2 f4 36. Rd6 Qh2 37. Bxf3 exf3 0-1

[Event "AUT-chT2S 0001"]
[Site "Austria"]
[Date "2000.12.10"]
[Round "6"]
[White "Sereinig, Eduard"]
[Black "Pilaj, Herwig"]
[Result "1/2-1/2"]
[WhiteElo "2300"]
[BlackElo "2241"]
[PlyCount "25"]
[EventDate "2000.??.??"]
[EventType "team"]
[EventRounds "11"]
[EventCountry "AUT"]
[SourceTitle "EXT 2002"]
[Source "ChessBase"]
[SourceDate "2001.11.25"]
[SourceVersion "1"]
[SourceVersionDate "2001.11.25"]
[SourceQuality "1"]

1. e4 e6 2. Nf3 d5 3. Nc3 Nf6 4. exd5 exd5 5. d4 Bb4 6. Bd3 0-0 7. 0-0 Bg4 8. Bg5 c6 9. h3 Bh5 10. g4 Bg6 11. Ne5 Bxd3 12. Qxd3 Bxc3 13. bxc3 1/2-1/2

[Event "Feffernitz Raika op 09th"]
[Site "Feffernitz"]
[Date "2000.08.26"]
[Round "8"]
[White "Sereinig, Eduard"]
[Black "Mussoni, Marcello"]
[Result "1-0"]
[WhiteElo "2230"]
[BlackElo "2245"]
[PlyCount "76"]
[EventDate "2000.08.??"]
[EventType "swiss"]
[EventRounds "9"]
[EventCountry "AUT"]
[SourceTitle "EXT 2001"]
[Source "ChessBase"]
[SourceDate "2000.11.22"]
[SourceVersion "1"]
[SourceVersionDate "2000.11.22"]
[SourceQuality "1"]

1. Nf3 d5 2. g3 Nf6 3. Bg2 c6 4. 0-0 Bg4 5. d3 Nbd7 6. Nbd2 Qc7 7. c4 e6 8. cxd5 Nxd5 9. Nc4 Bxf3 10. Bxf3 N7b6 11. e4 Nf6 12. Bf4 Qd7 13. Qb3 Bc5 14. Rfd1 0-0 15. d4 Bxd4 16. e5 Ne8 17. Nxb6 axb6 18. Qxb6 Bxb6 19. Rxd7 Nc7 20. a3 Rab8 21. Bg5 f6 22. exf6 gxf6 23. Bf4 e5 24. Bh6 Rf7 25. Rad1 Bd4 26. Rxf7 Kxf7 27. Bc1 c5 28. Be4 Kg7 29. Kg2 Nb5 30. g4 Nd6 31. Bd5 b5 32. Rd3 Rc8 33. Rh3 Rc7 34. Bh6+ Kh8 35. g5 Nf5 36. gxf6 Nxh6 37. Rxh6 e4 38. f7 Kg7 1-0

[Event "Feffernitz Raika op 09th"]
[Site "Feffernitz"]
[Date "2000.08.22"]
[Round "3"]
[White "Weiss, Christian"]
[Black "Sereinig, Eduard"]
[Result "0-1"]
[WhiteElo "2386"]
[BlackElo "2230"]
[PlyCount "78"]
[EventDate "2000.08.??"]
[EventType "swiss"]
[EventRounds "9"]
[EventCountry "AUT"]
[SourceTitle "EXT 2001"]
[Source "ChessBase"]
[SourceDate "2000.11.22"]
[SourceVersion "1"]
[SourceVersionDate "2000.11.22"]
[SourceQuality "1"]

1. d4 Nf6 2. c4 g6 3. Nc3 Bg7 4. e4 d6 5. Nf3 0-0 6. Be2 e5 7. 0-0 Nc6 8. d5 Ne7 9. Nd2 Nd7 10. b4 f5 11. Ba3 a5 12. bxa5 Rxa5 13. Bb4 Ra8 14. a4 Nc5 15. Bxc5 dxc5 16. Nb3 b6 17. a5 fxe4 18. Nxe4 Nf5 19. axb6 Rxa1 20. Qxa1 cxb6 21. Qa7 Nd6 22. Nbd2 Bf5 23. Ng3 e4 24. Nxf5 gxf5 25. Rb1 Qg5 26. Nb3 f4 27. Bf1 f3 28. g3 e3 29. Qxb6 exf2+ 30. Kh1 Be5 31. Nxc5 Bxg3 32. Ne4 Nxe4 33. Qe6+ Kh8 34. Qxe4 Be5 35. Bh3 Rg8 36. Bg4 h5 37. Qxf3 Qxg4 38. Qxg4 Rxg4 39. h3 Rg3 0-1

[Event "Jacques Lemans op 19th"]
[Site "St Veit"]
[Date "2000.??.??"]
[Round "8"]
[White "Titz, Herbert"]
[Black "Sereinig, Eduard"]
[Result "0-1"]
[WhiteElo "2103"]
[BlackElo "2300"]
[PlyCount "46"]
[EventDate "2000.07.??"]
[EventType "swiss"]
[EventRounds "9"]
[EventCountry "AUT"]
[SourceTitle "EXT 2001"]
[Source "ChessBase"]
[SourceDate "2000.11.22"]
[SourceVersion "1"]
[SourceVersionDate "2000.11.22"]
[SourceQuality "1"]

1. e4 d6 2. d4 Nf6 3. Nc3 g6 4. Nf3 Bg7 5. Be2 0-0 6. 0-0 Nc6 7. Bg5 h6 8. Be3 Ng4 9. Bf4 e5 10. dxe5 Ngxe5 11. Qd2 Kh7 12. Rad1 Nxf3+ 13. Bxf3 Nd4 14. Qd3 Be6 15. Bc1 Qd7 16. Ne2 Nxf3+ 17. Qxf3 Rae8 18. Qa3 Bc4 19. Rfe1 Rxe4 20. Ng3 Rxe1+ 21. Rxe1 Re8 22. Rd1 Qg4 23. f3 Qd4+ 0-1

[Event "Feffernitz Raika op 08th"]
[Site "Feffernitz"]
[Date "1999.08.21"]
[Round "7.11"]
[White "Sereinig, Eduard"]
[Black "Hasberger, Walter"]
[Result "0-1"]
[WhiteElo "2237"]
[BlackElo "1882"]
[PlyCount "80"]
[EventDate "1999.08.??"]
[EventType "swiss"]
[EventRounds "9"]
[EventCountry "AUT"]
[SourceTitle "EXT 2004"]
[Source "ChessBase"]
[SourceDate "2003.11.25"]
[SourceVersion "1"]
[SourceVersionDate "2003.11.25"]
[SourceQuality "1"]

1. Nf3 Nf6 2. g3 g6 3. Bg2 Bg7 4. 0-0 0-0 5. Nc3 d5 6. d3 c5 7. Nd2 Nc6 8. e4 d4 9. Ne2 e5 10. f4 Ng4 11. Nf3 exf4 12. gxf4 b5 13. Ng3 a5 14. h3 Nf6 15. f5 gxf5 16. Bg5 Qc7 17. Nxf5 Bxf5 18. exf5 Rae8 19. Qd2 Nh5 20. f6 Nxf6 21. Bf4 Qd7 22. Bh6 Nd5 23. Bxg7 Kxg7 24. Qg5+ Kh8 25. Nh4 Rg8 26. Qh5 f6 27. Kh1 Rg5 28. Qh6 Re3 29. Rf5 Nce7 30. Rxg5 fxg5 31. Rf1 gxh4 32. Rf8+ Ng8 33. Rxg8+ Kxg8 34. Qg5+ Kh8 35. Kg1 Qe7 36. Qxe7 Nxe7 37. Kf2 Kg7 38. Be4 Kf6 39. Bxh7 Rxh3 40. Kg2 Rg3+ 0-1

[Event "AUT-chT2S 9899"]
[Site "Austria"]
[Date "1999.03.20"]
[Round "10.4"]
[White "Mahdy, Khaled"]
[Black "Sereinig, Eduard"]
[Result "1/2-1/2"]
[WhiteElo "2365"]
[BlackElo "2210"]
[PlyCount "38"]
[EventDate "1998.10.??"]
[EventType "team"]
[EventRounds "11"]
[EventCountry "AUT"]
[SourceTitle "EXT 2001"]
[Source "ChessBase"]
[SourceDate "2000.11.22"]
[SourceVersion "1"]
[SourceVersionDate "2000.11.22"]
[SourceQuality "1"]

1. e4 d6 2. d4 Nf6 3. Nc3 g6 4. Bg5 c6 5. Qd2 b5 6. f3 a6 7. a4 Bb7 8. Nh3 Nbd7 9. Be2 Bg7 10. 0-0 0-0 11. Kh1 e5 12. Rfd1 Qc7 13. dxe5 dxe5 14. Qe1 Nc5 15. Qh4 Qe7 16. Nf2 Ne6 17. Be3 Qc7 18. Nd3 Nd4 19. Rd2 c5 1/2-1/2

[Event "Feffernitz Raika op 07th"]
[Site "Feffernitz"]
[Date "1998.08.22"]
[Round "?"]
[White "Sereinig, Eduard"]
[Black "Hoebarth, Guenter"]
[Result "0-1"]
[WhiteElo "2210"]
[BlackElo "2021"]
[PlyCount "74"]
[EventDate "1998.08.??"]
[EventType "swiss"]
[EventRounds "9"]
[EventCountry "AUT"]
[SourceTitle "EXT 2004"]
[Source "ChessBase"]
[SourceDate "2003.11.25"]
[SourceVersion "1"]
[SourceVersionDate "2003.11.25"]
[SourceQuality "1"]

1. Nf3 d6 2. g3 g6 3. Bg2 Bg7 4. 0-0 Nd7 5. Nc3 c6 6. e4 e5 7. d3 Ngf6 8. Ng5 h6 9. Nh3 h5 10. d4 h4 11. g4 exd4 12. Qxd4 Ne5 13. f4 Nexg4 14. e5 Nh5 15. Ne4 d5 16. Rd1 Bf5 17. Nd6+ Qxd6 18. exd6 Bxd4+ 19. Rxd4 0-0-0 20. Ng5 Nh6 21. c4 f6 22. cxd5 fxg5 23. dxc6 bxc6 24. Bxc6 Nf7 25. Be3 Rxd6 26. Rc1 Rxd4 27. Bxd4 Nxf4 28. Bf3+ Kb8 29. Rc5 Re8 30. Rb5+ Kc7 31. Rb7+ Kd6 32. Rxf7 Re1+ 33. Kf2 Nd3+ 34. Kg2 g4 35. Ba8 Nf4+ 36. Kf2 Re2+ 37. Kg1 Re8 0-1

[Event "Feffernitz Raika op 07th"]
[Site "Feffernitz"]
[Date "1998.08.16"]
[Round "?"]
[White "Sereinig, Eduard"]
[Black "Steindl, Helmut"]
[Result "1-0"]
[WhiteElo "2210"]
[BlackElo "1746"]
[PlyCount "35"]
[EventDate "1998.08.??"]
[EventType "swiss"]
[EventRounds "9"]
[EventCountry "AUT"]
[SourceTitle "EXT 2004"]
[Source "ChessBase"]
[SourceDate "2003.11.25"]
[SourceVersion "1"]
[SourceVersionDate "2003.11.25"]
[SourceQuality "1"]

1. Nf3 Nf6 2. g3 g6 3. Bg2 Bg7 4. 0-0 c6 5. d3 0-0 6. e4 d6 7. Nc3 Nbd7 8. Ng5 h6 9. Nh3 Nb6 10. f4 Bd7 11. f5 e6 12. g4 exf5 13. gxf5 gxf5 14. exf5 Qc8 15. Qf3 Re8 16. Ne4 Nxe4 17. dxe4 Kh8 18. Qh5 1-0

[Event "AUT-chT2S 9798"]
[Site "Austria"]
[Date "1998.03.14"]
[Round "10"]
[White "Sereinig, Eduard"]
[Black "Demuth, Markus"]
[Result "1/2-1/2"]
[WhiteElo "2205"]
[BlackElo "2230"]
[PlyCount "43"]
[EventDate "1997.??.??"]
[EventType "team"]
[EventRounds "11"]
[EventCountry "AUT"]
[SourceTitle "EXT 1999"]
[Source "ChessBase"]
[SourceDate "1998.11.16"]
[SourceVersion "1"]
[SourceVersionDate "1998.11.16"]
[SourceQuality "1"]

1. Nf3 d6 2. g3 e5 3. Nc3 f5 4. Bg2 Nc6 5. d3 Nf6 6. 0-0 Be7 7. e4 0-0 8. Ng5 h6 9. Nh3 fxe4 10. dxe4 Be6 11. f3 Nd4 12. Nf2 c5 13. Ne2 Qa5 14. Bd2 Qb5 15. Nd3 a5 16. Nc3 Qd7 17. f4 Bg4 18. Qc1 c4 19. Nf2 b5 20. Nxg4 Qxg4 21. Be3 Rab8 22. Qd2 1/2-1/2

[Event "AUT-chT2S 9798"]
[Site "Austria"]
[Date "1997.11.15"]
[Round "3"]
[White "Wegerer, Fred"]
[Black "Sereinig, Eduard"]
[Result "1/2-1/2"]
[WhiteElo "2235"]
[BlackElo "2205"]
[PlyCount "46"]
[EventDate "1997.??.??"]
[EventType "team"]
[EventRounds "11"]
[EventCountry "AUT"]
[SourceTitle "EXT 1999"]
[Source "ChessBase"]
[SourceDate "1998.11.16"]
[SourceVersion "1"]
[SourceVersionDate "1998.11.16"]
[SourceQuality "1"]

1. g3 g6 2. Bg2 Bg7 3. c4 d6 4. Nc3 Nc6 5. Rb1 e5 6. d3 f5 7. e3 Nf6 8. Nge2 0-0 9. 0-0 Ne7 10. b3 g5 11. f4 gxf4 12. exf4 Ng6 13. Nd5 c6 14. Nxf6+ Bxf6 15. Bb2 Bg7 16. Qd2 Rf7 17. Rbe1 Bd7 18. Bc3 Bh6 19. Qb2 Qc7 20. fxe5 Nxe5 21. Qc2 Qb6+ 22. d4 Be3+ 23. Kh1 Ng4 1/2-1/2

[Event "Feffernitz Raika op 06th"]
[Site "Feffernitz"]
[Date "1997.08.23"]
[Round "?"]
[White "Horvath, Peter"]
[Black "Sereinig, Eduard"]
[Result "1/2-1/2"]
[WhiteElo "2370"]
[BlackElo "2205"]
[PlyCount "72"]
[EventDate "1997.08.??"]
[EventType "swiss"]
[EventRounds "9"]
[EventCountry "AUT"]
[SourceTitle "EXT 2004"]
[Source "ChessBase"]
[SourceDate "2003.11.25"]
[SourceVersion "1"]
[SourceVersionDate "2003.11.25"]
[SourceQuality "1"]

1. d4 Nf6 2. Nf3 g6 3. c4 Bg7 4. g3 0-0 5. Bg2 d6 6. Nc3 Nc6 7. d5 Nb4 8. a3 Na6 9. 0-0 Nc5 10. Be3 a5 11. b4 axb4 12. axb4 Rxa1 13. Qxa1 Nfe4 14. Nd4 Nb3 15. Nxb3 Nxc3 16. Qe1 Na4 17. Bd4 Bxd4 18. Nxd4 Bd7 19. Qd2 Nb6 20. c5 Nc4 21. Qc3 dxc5 22. bxc5 Ne5 23. f4 Ng4 24. h3 Nf6 25. Kh2 Qc8 26. e4 c6 27. Re1 Qc7 28. Nb3 Ra8 29. d6 Qd8 30. Qe5 exd6 31. cxd6 Ra2 32. Nc5 b6 33. Nxd7 Nxd7 34. Qe7 Qxe7 35. dxe7 Nf6 36. Rd1 b5 1/2-1/2

[Event "Feffernitz Raika op 06th"]
[Site "Feffernitz"]
[Date "1997.08.22"]
[Round "?"]
[White "Sereinig, Eduard"]
[Black "Hrdina, Karl"]
[Result "1-0"]
[WhiteElo "2205"]
[BlackElo "1824"]
[PlyCount "99"]
[EventDate "1997.08.??"]
[EventType "swiss"]
[EventRounds "9"]
[EventCountry "AUT"]
[SourceTitle "EXT 2004"]
[Source "ChessBase"]
[SourceDate "2003.11.25"]
[SourceVersion "1"]
[SourceVersionDate "2003.11.25"]
[SourceQuality "1"]

1. Nf3 d5 2. g3 c5 3. Bg2 Nc6 4. 0-0 Nf6 5. d3 e6 6. Nc3 d4 7. Nb5 a6 8. Na3 Be7 9. Nc4 Qc7 10. a4 Nd5 11. e4 dxe3 12. fxe3 0-0 13. e4 Nf6 14. Bf4 e5 15. Nfxe5 Nxe5 16. Nxe5 Qd6 17. Kh1 Qe6 18. Nc4 Bd7 19. Ne3 Rfe8 20. Nf5 Bf8 21. Bg5 Qe5 22. Nh6+ gxh6 23. Bxf6 Qe6 24. Rf5 Bg7 25. Bxg7 Kxg7 26. Qh5 Qg6 27. Rxc5 Rac8 28. Qxg6+ hxg6 29. Rxc8 Rxc8 30. c3 Rc5 31. Bf3 b6 32. d4 Rc7 33. a5 b5 34. Rc1 f6 35. Kg1 Kf7 36. Kf2 Ke7 37. Ke3 Kd6 38. Kd3 Be6 39. Bd1 Bc4+ 40. Ke3 h5 41. b3 Be6 42. Kd3 g5 43. c4 bxc4+ 44. bxc4 Rb7 45. c5+ Kc7 46. d5 Bg4 47. d6+ Kd8 48. c6 Rb5 49. c7+ Kc8 50. Bxg4+ 1-0